00510nam a2200157Ia 450000500170000000800410001704100080005808200130006610000240007924500330010326000390013630000090017565000200018499900190020495201290022320250729165725.0250729s2007 xx 000 0 und d aeng a530 MYAT aC V Myageri9231441 aTeaching of Physical science aGadagbVidyanidhi Prakashanac2007 a340p aScience9231442 c239283d239283 00104070aALbALd2025-07-29eManagement Booksg200.00l0o530 MYATpBED04602r2025-07-29 16:57:25v200.00w2025-07-29yBK